[Event "SVK-chT1W 2324"]
[Site "Slovakia"]
[Date "2024.03.10"]
[Round "11.5"]
[White "Nikel, Rastislav"]
[Black "Slobodnik, Michal"]
[Result "1-0"]
[WhiteElo "2002"]
[BlackElo "1982"]
[PlyCount "87"]
[EventDate "2023.10.21"]
[EventType "team-tourn"]
[EventRounds "11"]
[EventCountry "SVK"]
[SourceTitle "EXT 2025"]
[Source "ChessBase"]
[SourceDate "2024.10.14"]
[SourceVersion "1"]
[SourceVersionDate "2024.10.14"]
[SourceQuality "1"]
[WhiteTeam "Levice II"]
[BlackTeam "Trnava Sered"]
[WhiteTeamCountry "SVK"]
[BlackTeamCountry "SVK"]

1. e4 c5 2. Nf3 e6 3. d4 cxd4 4. Nxd4 Nf6 5. Bd3 a6 6. 0-0 Qc7 7. c3 d6 8. f4 Nbd7 9. Qe2 Be7 10. Nd2 0-0 11. N2f3 Nc5 12. Bc2 e5 13. Nf5 Bxf5 14. exf5 e4 15. Nd4 d5 16. g4 b5 17. g5 Ne8 18. f6 gxf6 19. Qh5 Ng7 20. Qg4 Nce6 21. Nf5 Nxf5 22. Qxf5 Qc5+ 23. Kh1 Ng7 24. Qh3 f5 25. Be3 Qc6 26. Rad1 Bc5 27. Bb3 Rad8 28. Rd4 Ne6 29. Qxf5 Nxd4 30. cxd4 Be7 31. Qg4 Kh8 32. f5 Rg8 33. Qh5 Bxg5 34. Bxg5 f6 35. Rc1 Qd6 36. Bh4 e3 37. Qh6 Rdf8 38. Qxe3 Rg7 39. Bg3 Qd8 40. Qe6 Re8 41. Qxd5 Rd7 42. Qc6 Rxd4 43. Qxa6 Rd5 44. Bc7 1-0

[Event "SVK-chT1W 2324"]
[Site "Slovakia"]
[Date "2024.02.03"]
[Round "8.7"]
[White "Slobodnik, Michal"]
[Black "Cambel, Vladimir"]
[Result "0-1"]
[WhiteElo "1982"]
[BlackElo "1974"]
[PlyCount "86"]
[EventDate "2023.10.21"]
[EventType "team-tourn"]
[EventRounds "11"]
[EventCountry "SVK"]
[SourceTitle "EXT 2025"]
[Source "ChessBase"]
[SourceDate "2024.10.14"]
[SourceVersion "1"]
[SourceVersionDate "2024.10.14"]
[SourceQuality "1"]
[WhiteTeam "Trnava Sered"]
[BlackTeam "Bratislava Slovan II"]
[WhiteTeamCountry "SVK"]
[BlackTeamCountry "SVK"]

1. b3 d6 2. e3 Nf6 3. h3 g6 4. Bb2 Bg7 5. d3 e5 6. Nd2 Be6 7. Ne2 Nbd7 8. c4 0-0 9. Qc2 a5 10. a3 Qe7 11. g4 c6 12. Bg2 h6 13. Ng3 d5 14. 0-0-0 b5 15. f4 exf4 16. exf4 Qd6 17. Rhf1 Rac8 18. Rf3 Nxg4 19. hxg4 Bxg4 20. Rdf1 Bxf3 21. Rxf3 Rfe8 22. Kb1 Re1+ 23. Ka2 Rce8 24. Bxg7 Kxg7 25. Rf2 Qf6 26. Qb2 R1e3 27. Rf3 h5 28. Ndf1 Rxf3 29. Bxf3 Qxb2+ 30. Kxb2 Re1 31. Nd2 h4 32. Ngf1 Nc5 33. cxd5 cxd5 34. Kc3 Rc1+ 35. Kd4 Ne6+ 36. Kxd5 Nxf4+ 37. Ke4 g5 38. d4 Kg6 39. d5 f5+ 40. Ke5 Re1+ 41. Kd6 g4 42. Nh2 gxf3 43. Nhxf3 h3 0-1

[Event "SVK-chT1W 1819"]
[Site "Slovakia"]
[Date "2019.02.02"]
[Round "7.4"]
[White "Skreno, Vladimir"]
[Black "Slobodnik, Michal"]
[Result "1-0"]
[WhiteElo "2153"]
[BlackElo "2054"]
[PlyCount "75"]
[EventDate "2018.10.27"]
[EventType "team-tourn"]
[EventRounds "11"]
[EventCountry "SVK"]
[SourceTitle "CBM 188 Extra"]
[Source "ChessBase"]
[SourceDate "2019.02.28"]
[SourceVersion "1"]
[SourceVersionDate "2019.02.28"]
[SourceQuality "1"]
[WhiteTeam "Nitra NSK"]
[BlackTeam "Trnava Sered"]
[WhiteTeamCountry "SVK"]
[BlackTeamCountry "SVK"]

1. d4 Nf6 2. Nf3 d5 3. c4 dxc4 4. Qa4+ c6 5. Qxc4 Bf5 6. e3 e6 7. Nc3 Nbd7 8. Bd2 Bd6 9. Be2 h6 10. 0-0 0-0 11. Rfe1 Qe7 12. Qb3 e5 13. dxe5 Nxe5 14. Nxe5 Qxe5 15. g3 Ne4 16. Nxe4 Bxe4 17. Bc3 Qe7 18. Rad1 c5 19. Bc4 Rad8 20. Bd5 b6 21. Qc4 Bxd5 22. Rxd5 Qe6 23. Red1 Be7 24. e4 Bf6 25. Qd3 Rxd5 26. exd5 Qd6 27. Bxf6 Qxf6 28. d6 Rd8 29. Re1 g6 30. d7 Qc6 31. Rd1 b5 32. Qe3 Kg7 33. Qe7 Qf6 34. Qxc5 Qxb2 35. Qxa7 Qe5 36. Qb6 Rxd7 37. Rxd7 Qe1+ 38. Kg2 1-0

[Event "SVK-chT1W 1819"]
[Site "Slovakia"]
[Date "2018.10.27"]
[Round "1.5"]
[White "Slobodnik, Michal"]
[Black "Meszaros, Norbert"]
[Result "1/2-1/2"]
[WhiteElo "2048"]
[BlackElo "2108"]
[PlyCount "37"]
[EventDate "2018.10.27"]
[EventType "team-tourn"]
[EventRounds "11"]
[EventCountry "SVK"]
[SourceTitle "CBM 187 Extra"]
[Source "ChessBase"]
[SourceDate "2018.11.04"]
[SourceVersion "1"]
[SourceVersionDate "2018.11.04"]
[SourceQuality "1"]
[WhiteTeam "Trnava Sered"]
[BlackTeam "Bratislava Lokomotiva"]
[WhiteTeamCountry "SVK"]
[BlackTeamCountry "SVK"]

1. b3 Nf6 2. Bb2 g6 3. g3 Bg7 4. Bg2 0-0 5. Nf3 d6 6. 0-0 Nbd7 7. d3 c5 8. c4 Rb8 9. Nc3 a6 10. a4 b6 11. d4 Bb7 12. d5 b5 13. Qc2 bxc4 14. bxc4 Ba8 15. Nd2 Qa5 16. Rab1 Rb7 17. Ba3 Rfb8 18. Nb3 Qd8 19. a5 1/2-1/2

[Event "SVK-chT1W 1718"]
[Site "Slovakia"]
[Date "2018.03.11"]
[Round "11.3"]
[White "Skreno, Vladimir"]
[Black "Slobodnik, Michal"]
[Result "1-0"]
[WhiteElo "2166"]
[BlackElo "2076"]
[PlyCount "155"]
[EventDate "2017.10.21"]
[EventType "team-tourn"]
[EventRounds "11"]
[EventCountry "SVK"]
[SourceTitle "EXT 2019"]
[Source "ChessBase"]
[SourceDate "2018.10.10"]
[SourceVersion "1"]
[SourceVersionDate "2018.10.10"]
[SourceQuality "1"]
[WhiteTeam "Nitra NSK"]
[BlackTeam "Trnava Sered"]
[WhiteTeamCountry "SVK"]
[BlackTeamCountry "SVK"]

1. d4 g6 2. Nf3 Bg7 3. c4 c5 4. e3 d6 5. Be2 Nf6 6. Nc3 0-0 7. 0-0 Nc6 8. d5 Na5 9. Qc2 a6 10. a4 e6 11. e4 exd5 12. cxd5 Bg4 13. Bg5 Re8 14. Rfe1 Qb6 15. Nd2 Bxe2 16. Rxe2 Ng4 17. h3 Ne5 18. b3 Qb4 19. Rc1 c4 20. Na2 cxb3 21. Nxb4 bxc2 22. Rxc2 Rac8 23. Nf1 Rc4 24. Rxc4 Nexc4 25. Ng3 Nb3 26. Nd3 h6 27. Bf4 g5 28. Bc1 Nxc1 29. Nxc1 Nb2 30. Nf5 Nxa4 31. Nxd6 Re7 32. Rc2 Be5 33. Nf5 Rc7 34. Rxc7 Bxc7 35. d6 Bd8 36. Nd3 a5 37. Nd4 Nc3 38. e5 a4 39. Nc2 Nb5 40. Nc5 a3 41. Nxb7 Bb6 42. d7 a2 43. d8Q+ Bxd8 44. Nxd8 Nd4 45. Na1 Kf8 46. Nb7 Nc6 47. e6 fxe6 48. Kf1 Ke7 49. Ke1 h5 50. Kd2 e5 51. Nc5 Kf6 52. Ke3 Kf5 53. Ne4 h4 54. Nc3 g4 55. Nxa2 Nd4 56. Nc3 Ne6 57. Ne2 Ng5 58. Ng1 Ne6 59. hxg4+ Kxg4 60. Nf3 Nf4 61. Nxh4 Nd5+ 62. Ke4 Nc3+ 63. Kd3 Nd5 64. g3 Nf6 65. Nc2 e4+ 66. Ke2 Nh5 67. Ne3+ Kh3 68. Nhf5 Kh2 69. Nf1+ Kg1 70. Nd2 Nf6 71. Ne3 Kh2 72. Ndf1+ Kg1 73. g4 Nh7 74. Nd2 Ng5 75. Nf5 Kh2 76. Ke3 Kh3 77. Nxe4 Nf7 78. Kf4 1-0

[Event "Stara Lubovna op"]
[Site "Stara Lubovna"]
[Date "2017.05.08"]
[Round "7"]
[White "Slobodnik, Michal"]
[Black "Bombek, Peter"]
[Result "0-1"]
[WhiteElo "2104"]
[BlackElo "2180"]
[PlyCount "174"]
[EventDate "2017.05.05"]
[EventType "swiss"]
[EventRounds "7"]
[EventCountry "SVK"]
[SourceTitle "CBM 178 Extra"]
[Source "ChessBase"]
[SourceDate "2017.06.22"]
[SourceVersion "1"]
[SourceVersionDate "2017.06.22"]
[SourceQuality "1"]

1. d4 d5 2. c4 dxc4 3. e4 Nf6 4. e5 Nd5 5. Bxc4 Nb6 6. Bb3 Bf5 7. Nf3 e6 8. Be3 Nc6 9. a3 Be7 10. Nc3 0-0 11. 0-0 Na5 12. Bc2 Bxc2 13. Qxc2 Nac4 14. Ne4 Rc8 15. Nfg5 g6 16. Nf3 Nxe3 17. fxe3 Qd5 18. Nc3 Qd7 19. b4 a5 20. Qb3 axb4 21. axb4 Nd5 22. Ne4 Qb5 23. Rfb1 Ra8 24. Nc3 Nxc3 25. Qxc3 c6 26. Ra3 Rxa3 27. Qxa3 c5 28. dxc5 Bxc5 29. Nd4 Bxd4 30. exd4 Rd8 31. Qc3 Qd7 32. Rd1 Rc8 33. Qb3 Qd5 34. Qb2 Qe4 35. Qf2 Rc2 36. Re1 Rxf2 37. Rxe4 Rb2 38. d5 exd5 39. Rd4 b5 40. Rxd5 Rxb4 41. Rd8+ Kg7 42. Rb8 Rb2 43. h3 h5 44. Kh2 h4 45. Kg1 b4 46. Kf1 b3 47. Kg1 Kh6 48. Rb7 Rb1+ 49. Kf2 b2 50. Rb5 g5 51. Rb6+ Kg7 52. Rb7 Kg6 53. Rb6+ Kf5 54. Rb8 Kxe5 55. Re8+ Kf4 56. Rb8 Kf5 57. Rb6 f6 58. Rb8 Kg6 59. Rb6 g4 60. hxg4 h3 61. Kg3 hxg2 62. Kxg2 Kg5 63. Rb4 Kh4 64. Kh2 Kg5 65. Kg2 Kg6 66. Rb7 Kh6 67. Kh2 Kg5 68. Rb4 Rc1 69. Rxb2 Kxg4 70. Kg2 f5 71. Kf2 f4 72. Rb8 Rc2+ 73. Kf1 Kg3 74. Rf8 Kf3 75. Ke1 Rc1+ 76. Kd2 Ra1 77. Rf7 Ra4 78. Ke1 Ra2 79. Rf8 Ra5 80. Rf7 Rh5 81. Rf8 Rh1+ 82. Kd2 Rf1 83. Rg8 Kf2 84. Rh8 Rg1 85. Rh4 f3 86. Rh3 Kg2 87. Rh8 f2 0-1

[Event "SVK-chT1W 1617"]
[Site "Slovakia"]
[Date "2017.03.18"]
[Round "10.4"]
[White "Kovacik, Emil"]
[Black "Slobodnik, Michal"]
[Result "1-0"]
[WhiteElo "2115"]
[BlackElo "2097"]
[PlyCount "85"]
[EventDate "2016.10.15"]
[EventType "team-tourn"]
[EventRounds "11"]
[EventCountry "SVK"]
[SourceTitle "EXT 2019"]
[Source "ChessBase"]
[SourceDate "2018.10.10"]
[SourceVersion "1"]
[SourceVersionDate "2018.10.10"]
[SourceQuality "1"]
[WhiteTeam "Dubnica nad Vahom II"]
[BlackTeam "Nitra ASK"]
[WhiteTeamCountry "SVK"]
[BlackTeamCountry "SVK"]

1. e4 Nf6 2. Nc3 d5 3. e5 Nfd7 4. d4 c5 5. f4 cxd4 6. Nb5 Nc6 7. Nf3 Nb6 8. Nbxd4 Bg4 9. Bb5 Qc7 10. h3 Bxf3 11. Qxf3 e6 12. Be3 a6 13. Qf2 Nc4 14. Bxc4 dxc4 15. f5 Bb4+ 16. c3 Nxe5 17. 0-0 Nd3 18. Qe2 Bc5 19. fxe6 0-0 20. b3 b5 21. a4 Rae8 22. axb5 Bxd4 23. Bxd4 Rxe6 24. Qf3 Ne5 25. Bxe5 Rxe5 26. bxa6 Qa7+ 27. Qf2 Qxf2+ 28. Rxf2 cxb3 29. Rb2 f5 30. a7 Ree8 31. Rxb3 Ra8 32. Kf2 Rfe8 33. Rb7 h6 34. Kf3 Kf8 35. Kf4 Rac8 36. Ra3 g6 37. Rab3 Rc4+ 38. Kf3 Ra4 39. R3b6 Ra3 40. Rf6+ Kg8 41. Rxg6+ Kh8 42. Rxh6+ Kg8 43. Rc6 1-0

[Event "SVK-chT2A 1617"]
[Site "Slovakia"]
[Date "2017.03.11"]
[Round "10.5"]
[White "Pozsar, Peter"]
[Black "Slobodnik, Michal"]
[Result "1/2-1/2"]
[WhiteElo "1903"]
[BlackElo "2075"]
[PlyCount "81"]
[EventDate "2016.10.08"]
[EventType "team-tourn"]
[EventRounds "11"]
[EventCountry "SVK"]
[SourceTitle "EXT 2018"]
[Source "ChessBase"]
[SourceDate "2017.10.13"]
[SourceVersion "1"]
[SourceVersionDate "2017.10.13"]
[SourceQuality "1"]
[WhiteTeam "Senec"]
[BlackTeam "Sered MSK"]
[WhiteTeamCountry "SVK"]
[BlackTeamCountry "SVK"]

1. e4 Nf6 2. e5 Nd5 3. d4 d6 4. c4 Nb6 5. f4 dxe5 6. fxe5 c5 7. d5 e6 8. Nc3 exd5 9. cxd5 c4 10. a3 Bc5 11. Nf3 Bg4 12. Be2 0-0 13. Ne4 N8d7 14. Bf4 Re8 15. Rc1 Rc8 16. b4 cxb3 17. Rxc5 Nxc5 18. Nd6 Bxf3 19. gxf3 Qh4+ 20. Bg3 Qa4 21. Bb5 Qa5+ 22. Kf2 Red8 23. Nxc8 Rxc8 24. Be2 Rd8 25. d6 Qa4 26. Rg1 Ne6 27. Qa1 h5 28. h4 Rc8 29. Rc1 Rxc1 30. Qxc1 Qd4+ 31. Qe3 b2 32. Qxd4 Nxd4 33. Bd3 Nd5 34. e6 Nxe6 35. Be5 Nc5 36. Bb1 Kf8 37. Bxb2 Nb6 38. Bd4 Ne6 39. Be3 Ke8 40. Be4 Kd7 41. Bxb7 1/2-1/2

[Event "SVK-chT1W 1617"]
[Site "Slovakia"]
[Date "2016.12.11"]
[Round "6.3"]
[White "Slobodnik, Michal"]
[Black "Janko, Michal"]
[Result "0-1"]
[WhiteElo "2097"]
[BlackElo "2247"]
[PlyCount "70"]
[EventDate "2016.10.15"]
[EventType "team-tourn"]
[EventRounds "11"]
[EventCountry "SVK"]
[SourceTitle "EXT 2018"]
[Source "ChessBase"]
[SourceDate "2017.10.13"]
[SourceVersion "1"]
[SourceVersionDate "2017.10.13"]
[SourceQuality "1"]
[WhiteTeam "Nitra ASK"]
[BlackTeam "Gabcikovo Russel"]
[WhiteTeamCountry "SVK"]
[BlackTeamCountry "SVK"]

1. e4 c5 2. Nf3 d6 3. Bb5+ Bd7 4. a4 Nf6 5. Nc3 e6 6. d4 cxd4 7. Nxd4 a6 8. Be2 Be7 9. Be3 0-0 10. g4 d5 11. e5 Ne4 12. 0-0 Nxc3 13. bxc3 Qc7 14. f4 Qxc3 15. Rf3 Nc6 16. Bf2 Qa5 17. Nb3 Qc7 18. a5 f6 19. Bb6 Qc8 20. exf6 Bxf6 21. Ra4 Na7 22. Rd4 Bxd4+ 23. Nxd4 Nb5 24. Bd3 Nxd4 25. Bxd4 e5 26. Bxe5 Qc5+ 27. Kh1 d4 28. Kg1 Bxg4 29. Rg3 Qxe5 30. Qxg4 Rxf4 31. Qd7 Qe1+ 32. Kg2 Rf2+ 33. Kh3 Qe5 34. Qg4 Raf8 35. Be4 R2f4 0-1

[Event "SVK-chT2B 1516"]
[Site "Slovakia"]
[Date "2016.01.24"]
[Round "7.1"]
[White "Slobodnik, Michal"]
[Black "Joba, Pavol"]
[Result "1-0"]
[WhiteElo "2021"]
[BlackElo "1891"]
[PlyCount "55"]
[EventDate "2015.10.17"]
[EventType "team-tourn"]
[EventRounds "11"]
[EventCountry "SVK"]
[SourceTitle "EXT 2019"]
[Source "ChessBase"]
[SourceDate "2018.10.10"]
[SourceVersion "1"]
[SourceVersionDate "2018.10.10"]
[SourceQuality "1"]
[WhiteTeam "Sala Slovan Duslo"]
[BlackTeam "Batorove Kosihy"]
[WhiteTeamCountry "SVK"]
[BlackTeamCountry "SVK"]

1. d4 Nf6 2. c4 c5 3. d5 b5 4. cxb5 a6 5. b6 Qxb6 6. Nc3 g6 7. e4 d6 8. Nf3 Bg7 9. a4 Nbd7 10. a5 Qa7 11. Nd2 Ne5 12. h3 0-0 13. f4 Nh5 14. fxe5 Ng3 15. Nc4 Nxh1 16. Qf3 f5 17. g3 fxe4 18. Qxh1 e6 19. Be3 exd5 20. Nxd5 Be6 21. Qxe4 dxe5 22. Ncb6 Qf7 23. Bc4 Rad8 24. 0-0-0 Kh8 25. Rf1 Qxf1+ 26. Bxf1 Rxf1+ 27. Kd2 Bxh3 28. Qh4 1-0

[Event "SVK-chT3A2 1516"]
[Site "Slovakia"]
[Date "2015.11.15"]
[Round "3.4"]
[White "Zarecky, Eduard"]
[Black "Slobodnik, Michal"]
[Result "0-1"]
[WhiteElo "1903"]
[BlackElo "1986"]
[PlyCount "54"]
[EventDate "2015.10.11"]
[EventType "team-tourn"]
[EventRounds "11"]
[EventCountry "SVK"]
[SourceTitle "EXT 2020"]
[Source "ChessBase"]
[SourceDate "2019.10.17"]
[SourceVersion "1"]
[SourceVersionDate "2019.10.17"]
[SourceQuality "1"]
[WhiteTeam "Modranka Komplet"]
[BlackTeam "Sered MSK"]
[WhiteTeamCountry "SVK"]
[BlackTeamCountry "SVK"]

1. d4 Nf6 2. c4 c5 3. e3 Nc6 4. Nf3 d6 5. Nc3 Bg4 6. Be2 e5 7. d5 Ne7 8. e4 h6 9. Nh4 Bd7 10. 0-0 g5 11. Nf3 Ng6 12. h3 Qc8 13. Kh2 Nf4 14. Bxf4 gxf4 15. Bd3 Rg8 16. Nh4 Be7 17. Nf5 h5 18. Nb5 Bxf5 19. exf5 e4 20. Bxe4 Nxe4 21. Qe2 Qxf5 22. Rae1 f3 23. gxf3 Qf4+ 24. Kh1 Rg3 25. fxg3 Nxg3+ 26. Kg2 Nxe2 27. Rxe2 Kd7 0-1